000 00299nam a22001337a 4500
020 _a0-978-48311-2
082 _a823
_bWIG/B
100 _aWIGGS, SUSAN
245 _aBOBBY HUTCHINSON KAREN YOUNG
260 _aAUSTRALIA
_bSILHOUTTE
_c1997
300 _a377
650 _aNOVEL
_zAUSTRALIA
942 _cBK
999 _c5036
_d5036